<?xml version="1.0" encoding="UTF-8"?>
<marc:record xmlns:marc="http://www.loc.gov/MARC21/slim">
   <marc:leader>00000nam a2200000 a 4500</marc:leader>
   <marc:datafield ind1="1" ind2=" " tag="100">
      <marc:subfield code="a">Steinbrener, Christoph</marc:subfield>
      <marc:subfield code="4">ctb</marc:subfield>
      <marc:subfield code="e">Mitwirkende/-r</marc:subfield>
   </marc:datafield>
   <marc:datafield ind1="1" ind2=" " tag="100">
      <marc:subfield code="a">Mießgang, Thomas</marc:subfield>
      <marc:subfield code="4">ctb</marc:subfield>
      <marc:subfield code="e">Mitwirkende/-r</marc:subfield>
   </marc:datafield>
   <marc:datafield ind1=" " ind2=" " tag="653">
      <marc:subfield code="a">Steinbrener</marc:subfield>
   </marc:datafield>
   <marc:datafield ind1=" " ind2=" " tag="653">
      <marc:subfield code="a">Christoph</marc:subfield>
   </marc:datafield>
   <marc:datafield ind1=" " ind2=" " tag="653">
      <marc:subfield code="a">Phallus</marc:subfield>
   </marc:datafield>
   <marc:datafield ind1=" " ind2=" " tag="653">
      <marc:subfield code="a">Kunstwerk</marc:subfield>
   </marc:datafield>
   <marc:datafield ind1=" " ind2=" " tag="653">
      <marc:subfield code="a">Zitat</marc:subfield>
   </marc:datafield>
   <marc:datafield ind1=" " ind2=" " tag="653">
      <marc:subfield code="a">Softcover / Kunst/Bildende Kunst</marc:subfield>
   </marc:datafield>
   <marc:datafield ind1=" " ind2=" " tag="653">
      <marc:subfield code="a">Bildband</marc:subfield>
   </marc:datafield>
   <marc:datafield ind1="0" ind2="0" tag="245">
      <marc:subfield code="a">Der Phantastische Phallus</marc:subfield>
   </marc:datafield>
   <marc:datafield ind1="0" ind2="0" tag="245">
      <marc:subfield code="b">die unglaubliche Geschichte von Wendelin Rentzsch-Tetzlaff und seiner Sammlung herausragender Avantgarde-Kunst</marc:subfield>
   </marc:datafield>
   <marc:datafield ind1="0" ind2="0" tag="245">
      <marc:subfield code="c">Christoph Steinbrener &amp; Thomas Mießgang</marc:subfield>
   </marc:datafield>
   <marc:datafield ind1=" " ind2="1" tag="264">
      <marc:subfield code="a">Berlin</marc:subfield>
      <marc:subfield code="b">Rogner &amp; Bernhard</marc:subfield>
      <marc:subfield code="c">2012</marc:subfield>
   </marc:datafield>
   <marc:datafield ind1=" " ind2=" " tag="250">
      <marc:subfield code="a">1. Aufl.</marc:subfield>
   </marc:datafield>
   <marc:datafield ind1="1" ind2=" " tag="520">
      <marc:subfield code="a">Angaben aus der Verlagsmeldung

Der Phantastische Phallus : Die unglaubliche Geschichte von Wendelin Rentzsch-Tetzlaff und seiner Sammlung herausragender Avantgarde-Kunst / von Christoph Steinbrener, Thomas Mießgang

Das ultimative Geschenkbuch für Kunsthasser und -liebhaber
Die moderne Kunst ist eine Welt für sich: welcher Unfug in Katalogen und Ausstellungstexten zu lesen ist, wie „Experten“ über Kunst reden - es ist manchmal kaum auszuhalten. Hochstapler, Blender, Schaumschläger, sie alle finden ihr Plätzchen im Schoß moderner Kunst. Mittelmä̈ßige Talente werden wie Popstars verehrt und scheffeln Millionen. Immer wieder halten geniale Fälscher der Branche den Spiegel vor. Keiner weiß, warum das eine Kunst ist und das andere nicht. Der phantastische Phallus ist unser Beitrag zur Frage „Ist das Kunst? Oder kann das weg?“
Die Autoren erzählen im Stile eines Ausstellungskataloges die Geschichte einer fiktiven Sammlung moderner Kunstwerke. Gemeinsam ist ihnen eine obsessive Monothematik: der männliche Phallus. Es sind unbekannte Werke, die man auf den ersten Blick berühmten Künstlern aus den verschiedensten Zeiten, Stilrichtungen und Genres zuordnen möchte: Mondrian, Dalí, Gerhard Richter, Christo, Damien Hirst.
Verblüffend, witzig, intelligent: Ein großer Lesespaß für moderne Kulturbürger.

</marc:subfield>
   </marc:datafield>
   <marc:datafield ind1=" " ind2=" " tag="020">
      <marc:subfield code="a">9783954030040</marc:subfield>
      <marc:subfield code="9">9783954030040</marc:subfield>
   </marc:datafield>
   <marc:datafield ind1=" " ind2=" " tag="041">
      <marc:subfield code="a">ger</marc:subfield>
   </marc:datafield>
   <marc:datafield ind1=" " ind2=" " tag="300">
      <marc:subfield code="a">92 S.</marc:subfield>
   </marc:datafield>
</marc:record>
